000 00294nam a22001337a 4500
008 170322b xxu||||| |||| 00| 0 eng d
020 _a9780972383028
041 _aeng
080 _a616.8
100 _a7
101 _aSHM
245 _aTHE BARD ON THE BRAIN
_cMATTHEWS.P.M
942 _2udc
_cBK
999 _c8346
_d8346